000 00858nam a2200253Ia 4500
003 OSt
005 20220927105314.0
006 a|||||r|||| 00| 0
007 ta
008 220926b |||||||| |||| 00| 0 eng d
024 _a174077
037 _cReference Collections
040 _aRTL
_cRTL
_beng
041 _2eng
_aeng
082 _a"X9(D6,9(B), P7"
110 _a"UNITED NATIONS ,ECONOMIC AND SOCIAL COMMISSION FOR WESTERN ASIA"
245 0 _aGood practices in information and communications technology
_bApplication in sea ports in ESCWA members countries
260 _aNew
_bYork United Nations
_c2007
300 _a"v,45p"
_ccm.
500 _aBibliography P 44-45
700 _a"UNITED NATIONS ,ECONOMIC AND SOCIAL COMMISSION FOR WESTERN ASIA"
942 _h"X9(D6,9(B), P7"
_cCC
999 _c691713
_d691713